000 01075nam2a2200205 4500
001 RU\NLR\PER_A\002714960_002430
005 20251214194524.0
035 _a(NLR Aleph) 022677935
090 _a13499308
_c13499308
100 _a20251202d2025 u y0rusy50 ca
101 0 _arus
102 _aRU
200 0 _a2025, № 8 (265)
210 _d2025
461 0 _1001RU\NLR\INFOCOMM6\1000397399
_12001#$aГрузовое и пассажирское автохозяйство$eЕжемес. произв.-техн. журн. для руководителей автотрансп. предприятий и начальников трансп. цехов$v2025, № 8 (265)
_91817577
_cМ.
_d2000 -
_nБ.и.
_oЕжемес. произв.-техн. журн. для руководителей автотрансп. предприятий и начальников трансп. цехов
_tГрузовое и пассажирское автохозяйство
_x2074-7462
_v2025, № 8 (265)
852 _aNLR
_jП11/4345
942 _cISSUE
980 _aRUSPER
980 _aNB